LEADER 01326nam a2200289 i 4500 001 000000163772 003 CaOOAMICUS 005 20070817000000.0 008 070817s2006 it u000 u ita u 013 $a141139 040 $aSeMil$bita 100 1 $aSorge, Bartolomeo,$c .$0(OLS)http://semarc/name/90460 245 10$aCattolici al bivio :$boltre la diaspora? /$cBartolomeo Sorge, Franco Mangialardi ; introduzione di Maurizio Dallari. 260 $aMilano :$bArea popolare democratica,$c2006. 300 $a63 p. ;$c21 cm. 500 $aOmaggio del Card. Dionigi Tettamanzi. 650 4$aItalia - Cattolici - Politica.$0(OLS)http://semarc/subject/20282 650 4$aCattolicesimo e politica - Italia.$0(OLS)http://semarc/subject/14957 650 4$aCattolici - Impegno politico.$0(OLS)http://semarc/subject/9197 700 1 $aDallari, Maurizio.$0(OLS)http://semarc/name/62011 700 1 $aMangialardi, Franco.$0(OLS)http://semarc/name/44547 850 $aSeMil 852 $aSeMil$W1$xVenegono$y1$m3N II 645$j115066$B115066$CSeMilBibl$Z2$F126995 $81 941 1 $a5 961 $aOmaggio: Tettamanzi Card. Dionigi 996 $6245$aCattolici al bivio :$boltre la diaspora?$9(OLS)http://semarc/title/233660 996 $6260$aMilano :$bArea popolare democratica$9(OLS)http://semarc/publisher/48531 LEADER 01216nam a2200277 i 4500 001 000000070102 003 CaOOAMICUS 005 20040519000000.0 008 040519s1969 it u000 u ita u 013 $a41274 040 $aSeMil$bita 100 1 $aMatisse, Henri <1869-1954>.$0(OLS)http://semarc/name/34936 245 10$aMatisse e i Fauves /$cdi Renata Negri. 260 $aMilano :$bFratelli Fabbri Editori,$ccopyr. 1969. 300 $a100 p. :$briccamente ill. ;$c31 cm. 490 0 $aMensili d'arte : [scuole, movimenti, personalità della pittura moderna] ;$v27 500 $aContiene : Bibliografia. 600 14$aMatisse, Henri.$0(OLS)http://semarc/subject/2327 650 4$aFauvismo.$0(OLS)http://semarc/subject/13966 700 1 $aNegri, Renata.$0(OLS)http://semarc/name/5738 830 0$aMensili d'arte : [scuole, movimenti, personalità della pittura moderna] ;$v27.$0(OLS)http://semarc/title/590 850 $aSeMil 852 $aSeMil$W1$xVenegono$y1$m5J VI 27$j36255$B36255$CSeMilBibl$Z2$F36258 $81 961 $aOmaggio: Donazione 996 $6245$aMatisse e i Fauves$9(OLS)http://semarc/title/112444 996 $6260$aMilano :$bFratelli Fabbri Editori$9(OLS)http://semarc/publisher/29845